| 000 | 00656cam a22002177a 4500 | ||
|---|---|---|---|
| 001 | 30978 | ||
| 003 | BD-RjUL | ||
| 005 | 20211209051638.0 | ||
| 008 | 161204r19491934xxk ab 000 0 eng | ||
| 035 | _a(BD-RjUL)31065 | ||
| 040 |
_aDLC _cDLC _beng _dBD-RjUL |
||
| 041 | _aeng | ||
| 082 | 4 |
_a181.45 _bCOY 1949 _223 |
|
| 100 | 1 |
_aCoster, Geraldine, _d1882- _994151 |
|
| 245 | 1 | 0 |
_aYoga and Western psychology : _ba comparison / _cby Geraldine Coster. |
| 260 |
_aLondon ; _aNew York : _bOxford University Press, _c1934 [Impression 1949]. |
||
| 300 |
_aviii, 249 p. ; _c19 cm. |
||
| 504 | _aIncludes bibliographical | ||
| 650 | 0 |
_aYoga. _994152 |
|
| 942 |
_2ddc _cBK |
||
| 999 |
_c30978 _d30978 |
||